000 00697nam a2200277Ia 4500
005 20260324113815.0
008 008 260324s9999 xx 000 0 eng d
020 _a9781003287919
037 _aEBOOK
040 _aCRL
040 _beng
040 _cCRL
041 _2eng
041 _aeng
084 _qCRL
100 _aGuo-Qiang Li; Ling-Ling Wang; Qing Xu; Jun-Wei Ge
_91148252
245 0 _aIntumescent Coating and Fire Protection of Steel Structures
260 _bTaylor and Francis
260 _c2023
365 _a
365 _b195
856 _uhttp://www.taylorfrancis.com/books/9781003287919
942 _cEBOOK
999 _c1738093
_d1738093